<?xml version="1.0" encoding="UTF-8"?>
<record
    xmlns:xsi="http://www.w3.org/2001/XMLSchema-instance"
    xsi:schemaLocation="http://www.loc.gov/MARC21/slim http://www.loc.gov/standards/marcxml/schema/MARC21slim.xsd"
    xmlns="http://www.loc.gov/MARC21/slim">

  <leader>00555nam a22001817a 4500</leader>
  <datafield tag="999" ind1=" " ind2=" ">
    <subfield code="c">179567</subfield>
    <subfield code="d">179567</subfield>
  </datafield>
  <controlfield tag="005">20210622154042.0</controlfield>
  <datafield tag="010" ind1=" " ind2=" ">
    <subfield code="a">B-740267</subfield>
  </datafield>
  <datafield tag="020" ind1=" " ind2=" ">
    <subfield code="a">9788170821328</subfield>
    <subfield code="c">315.00</subfield>
  </datafield>
  <datafield tag="035" ind1=" " ind2=" ">
    <subfield code="a">B-740267</subfield>
  </datafield>
  <datafield tag="037" ind1=" " ind2=" ">
    <subfield code="b">Gift</subfield>
  </datafield>
  <datafield tag="082" ind1=" " ind2=" ">
    <subfield code="a">133.59445</subfield>
  </datafield>
  <datafield tag="245" ind1=" " ind2=" ">
    <subfield code="a">Bhaargava naadika</subfield>
    <subfield code="c">translated by K.T. Shubhakaran</subfield>
  </datafield>
  <datafield tag="260" ind1=" " ind2=" ">
    <subfield code="a">New Delhi</subfield>
    <subfield code="b">Sagar Publications</subfield>
    <subfield code="c">2012</subfield>
  </datafield>
  <datafield tag="300" ind1=" " ind2=" ">
    <subfield code="a">vi, 411p.</subfield>
    <subfield code="c">22cm(pbk)</subfield>
  </datafield>
  <datafield tag="700" ind1=" " ind2=" ">
    <subfield code="a">Shubhakaran, K.T. </subfield>
  </datafield>
  <datafield tag="942" ind1=" " ind2=" ">
    <subfield code="2">ddc</subfield>
    <subfield code="c">EN</subfield>
    <subfield code="h">133.59445</subfield>
    <subfield code="m">BHA</subfield>
  </datafield>
  <datafield tag="952" ind1=" " ind2=" ">
    <subfield code="0">0</subfield>
    <subfield code="1">0</subfield>
    <subfield code="4">0</subfield>
    <subfield code="7">0</subfield>
    <subfield code="8">NFIC</subfield>
    <subfield code="a">MP</subfield>
    <subfield code="b">MP</subfield>
    <subfield code="d">2021-06-22</subfield>
    <subfield code="e">Gift/Eng/02-06-2021</subfield>
    <subfield code="g">315.00</subfield>
    <subfield code="l">0</subfield>
    <subfield code="o">133.59445 BHA</subfield>
    <subfield code="p">B-740267</subfield>
    <subfield code="r">2021-06-22 00:00:00</subfield>
    <subfield code="t">1</subfield>
    <subfield code="v">315.00</subfield>
    <subfield code="w">2021-06-22</subfield>
    <subfield code="y">EN</subfield>
    <subfield code="z">GIft</subfield>
  </datafield>
</record>
